Maternal and child health nursing : (Record no. 1709)

MARC details
000 -LEADER
fixed length control field 00862nam a22002417a 4500
003 - CONTROL NUMBER IDENTIFIER
control field OSt
005 - DATE AND TIME OF LATEST TRANSACTION
control field 20250814022948.0
008 - FIXED-LENGTH DATA ELEMENTS--GENERAL INFORMATION
fixed length control field 240701b |||||||| |||| 00| 0 eng d
020 ## - INTERNATIONAL STANDARD BOOK NUMBER
International Standard Book Number 9781975207359
040 ## - CATALOGING SOURCE
Original cataloging agency DWCL-Main lib.
Transcribing agency OC
082 ## - DEWEY DECIMAL CLASSIFICATION NUMBER
Classification number Circ. 618.2 Si582m 2022
100 ## - MAIN ENTRY--PERSONAL NAME
Personal name Silbert- Flagg, JoAnne
245 ## - TITLE STATEMENT
Title Maternal and child health nursing :
Remainder of title care of the childbearing and childrearing family vol.2 /
Statement of responsibility, etc. JoAnne Silbert- Flagg & Collen E. Kennedy
250 ## - EDITION STATEMENT
Edition statement 9th edition
260 ## - PUBLICATION, DISTRIBUTION, ETC.
Place of publication, distribution, etc. Philedaphia :
Name of publisher, distributor, etc. Wolters Kluwer Health,
Date of publication, distribution, etc. c2022.
300 ## - PHYSICAL DESCRIPTION
Extent vol.2, xxxi, 1672 pages :
Other physical details illustrations ;
Dimensions 26cm.
504 ## - BIBLIOGRAPHY, ETC. NOTE
Bibliography, etc. note Includes appendix and index.
650 ## - SUBJECT ADDED ENTRY--TOPICAL TERM
Topical term or geographic name entry element 1. Maternal --- Child nursing.
650 ## - SUBJECT ADDED ENTRY--TOPICAL TERM
Topical term or geographic name entry element 2. Family health.
650 ## - SUBJECT ADDED ENTRY--TOPICAL TERM
Topical term or geographic name entry element 3. Holistic nursing.
700 ## - ADDED ENTRY--PERSONAL NAME
Personal name Kennedy, Collen E.
942 ## - ADDED ENTRY ELEMENTS (KOHA)
Source of classification or shelving scheme Dewey Decimal Classification
Koha item type Book Circulation
Call number prefix Circ.
Suppress in OPAC No
Edition 9th edition
952 ## - LOCATION AND ITEM INFORMATION (KOHA)
--
952 ## - LOCATION AND ITEM INFORMATION (KOHA)
--
952 ## - LOCATION AND ITEM INFORMATION (KOHA)
--
952 ## - LOCATION AND ITEM INFORMATION (KOHA)
--
Holdings
Withdrawn status Lost status Source of classification or shelving scheme Damaged status Not for loan Home library Current library Shelving location Date acquired Source of acquisition Total Checkouts Full call number Barcode Date last seen Copy number Price effective from Koha item type Uniform Resource Identifier
    Dewey Decimal Classification     HM & Nursing Library HM & Nursing Library Circulation 10/03/2023 School Fund   Circ. 618.2 Si582m 2022 HNL53960 07/01/2024 c1 07/01/2024 BK-CIRC
    Dewey Decimal Classification     HM & Nursing Library HM & Nursing Library Circulation 10/03/2023 School Fund   Circ. 618.2 Si582m 2022 HNL53961 07/01/2024 c2 07/01/2024 BK-CIRC
    Dewey Decimal Classification     HM & Nursing Library HM & Nursing Library Circulation 10/03/2023 School Fund   Circ. 618.2 Si582m 2022 HNL53962 07/01/2024 c3 07/01/2024 BK-CIRC
    Dewey Decimal Classification     HM & Nursing Library HM & Nursing Library Circulation 01/23/2025 School Fund   Circ. 618.2 Si582m 2022 HNL54318 07/11/2025 c4 07/11/2025 BK-CIRC